| 000 | 01815nam0a2200325 4500 | ||
|---|---|---|---|
| 001 | v19\rc\1801495 | ||
| 005 | 20260405192727.0 | ||
| 035 | _a(NLR Aleph) 005253130 | ||
| 090 |
_a5824791 _c5824791 |
||
| 100 | _a20071130d1907 |||y0rusy50 ca | ||
| 101 | 0 | _arus | |
| 102 | _aRU | ||
| 105 | _ay j ||||| | ||
| 200 | 1 |
_aЛекции по общей гражданской истории _eчитанные студентам Спб., духовной академии в 1906/7 академич. году _fА.П. Дьяконов |
|
| 210 |
_aСанкт-Петербург _cСтудент Спб. духовной академии, священник Архипп Сырбу _d1907 |
||
| 215 |
_a[2], 11, 189 с. _d28 |
||
| 309 | _aНапеч. на пиш. маш. Литогр. | ||
| 316 |
_aНа тит. л. и др. страницах текста 1-го экз. штамп: Народный комиссариат по просвещению 2-е Советские Петроградские Электротех. курсы; во 2-м экз. паг.: 189 с. Конспект отсутствует _5NLR |
||
| 327 | 1 | _aВ кн. также: Конспект для экзамена по общей Гражданской истории 1908-09 уч. г. | |
| 700 | 1 |
_7ca _8rus _aДьяконов _bА. П. _f1873-1943 _gАлександр Петрович _967531 _3RU\NLR\AUTH\7784603 |
|
| 712 | 0 | 2 |
_4570 _aПетроградские электротехнические курсы _c2 _9502482 _3RU\NLR\AUTH\880418716 |
| 801 | 0 |
_aRU _bNLR _c20071130 _gpsbo |
|
| 801 | 0 |
_aRU _bRuMoRGB _c20071130 _2psbo |
|
| 801 | 1 |
_aRU _bProSoft-M _c20071130 _2rusmarc |
|
| 801 | 2 |
_aRU _bNLR _c20100318 _2rusmarc |
|
| 852 |
_aNLR _j68-8/1627 |
||
| 942 | _cBOOK | ||
| 980 | _aNB | ||